000 01492nam a22003977a 4500
003 CHAP
005 20220817041155.0
008 971013s1991 mx r 00010 spa d
010 _a7945
011 _a8917
020 _a9683621392
035 _a8150
040 _cCHAP
082 _a631.5972
_bS6
100 0 0 _aSoto Mora, Consuelo.
_9108893
245 1 0 _aGeografía agraria de México
_c/por Consuelo Soto Mora, Luis Fuentes Aguilar y Coll-Hurtado, Atlántida
260 _aMéxico, D.F. :
_bUNAM.Instituto de Geografía,
_c1991
300 _a273 p. :
_bgráfs., tablas.
590 _aBATCH-UPD
_b10
_c20130110
_lUCH01
_h0015
590 _aBATCH-UPD
_b10
_c20130110
_lUCH01
_h1133
590 _aBATCH-UPD
_b10
_c20130409
_lUCH01
_h1953
590 _aBATCH-UPD
_b10
_c20130410
_lUCH01
_h0721
590 _aBATCH-UPD
_b10
_c20130914
_lUCH01
_h0038
590 _aBATCH-UPD
_b10
_c20130914
_lUCH01
_h1824
590 _aCONVERSION
_b10
_c20130109
_lUCH01
_h1305
650 1 4 _aAgricultura
_zMéxico.
_91932
650 1 4 _aGeografía agrícola
_xMéxico.
_947570
650 1 4 _aMéxico
_xCondiciones rurales.
700 0 _aColl de Hurtado, Altántida.
_925193
700 0 _aFuentes Aguilar, Luis.
_943824
710 0 _aUniversidad Nacional Autónoma de México. Instituto de Geografía.
_9116548
901 _aBK
942 _cLIBRO
949 _a631.5972 S6
_bBC
_cLIBRO
_d33724000162962
_eLIBRO
_h84359
_i8150
_mD
_si
949 _a631.5972 S6
_bBC
_cLIBRO
_d33724002247173
_eLIBRO
_fc.2
_gDonaciØn
_h115339
_i8150
_si
999 _c7945
_d7945